| 000 | 00912nam a2200169 a 4500 | ||
|---|---|---|---|
| 008 | 061107s1967 xx |||||||||||||| || u | ||
| 050 | _aUNZA-IAS(08)COM/2 | ||
| 100 | _aKay, George | ||
| 245 | 1 | 0 |
_aMaps of the distribution and density of African population in Zambia _cBy George Kay |
| 260 |
_a _bUniversity of Zambia Institute for Social Research _c1967 |
||
| 350 | _a0.00 | ||
| 490 | _aUniversity of Zambia. Institute for Social Research Communication Series | ||
| 650 | _aPOPULATION--ZAMBIA | ||
| 710 | _aUniversity of Zambia. Institute for Social Research | ||
| 995 |
_aSPECIAL COLLECTIONS _D0.00 _eUNZA-IAS(08)COM/2A _FCBU-MAIN LIBRARY (Kitwe) _H1 _I0.00 _jUNZA-IAS(08)COM/2A _M2A _UAVAILABLE _WNov 7, 2006 _yZ03001331 _ZZambiana Collection |
||
| 995 |
_aSPECIAL COLLECTIONS _D0.00 _eUNZA-IAS(08)COM/2B _FCBU-MAIN LIBRARY (Kitwe) _H1 _I0.00 _jUNZA-IAS(08)COM/2B _M2B _UAVAILABLE _WNov 7, 2006 _yZ03001332 _ZZambiana Collection |
||
| 999 |
_c82606 _d82606 |
||